[Event "EYCC 2024 - O18"]
[Site "?"]
[Date "2024.08.31"]
[Round "9.1"]
[White "Ribera Veganzones, Serni"]
[Black "Shamatava, Nikolozi"]
[Result "1-0"]
[BlackElo "2196"]
[WhiteElo "2309"]
[LiveChessVersion "1.4.8"]

1. e4 {[%clk 1:30:57]} e5 {[%clk 1:30:53]} 2. Nf3 {[%clk 1:31:20]} Nc6
{[%clk 1:31:05]} 3. Bb5 {[%clk 1:31:36]} a6 {[%clk 1:31:27]} 4. Ba4
{[%clk 1:31:59]} Nf6 {[%clk 1:31:52]} 5. d3 {[%clk 1:32:21]} b5 {[%clk 1:32:14]}
6. Bb3 {[%clk 1:32:44]} Bc5 {[%clk 1:32:38]} 7. c3 {[%clk 1:33:06]} d6
{[%clk 1:32:52]} 8. O-O {[%clk 1:33:09]} O-O {[%clk 1:32:52]} 9. Re1
{[%clk 1:32:28]} h6 {[%clk 1:32:19]} 10. h3 {[%clk 1:31:00]} Bb6 {[%clk 1:31:17]}
11. a4 {[%clk 1:29:37]} Bb7 {[%clk 1:28:39]} 12. axb5 {[%clk 1:26:07]} axb5
{[%clk 1:27:57]} 13. Rxa8 {[%clk 1:26:26]} Bxa8 {[%clk 1:25:40]} 14. Na3
{[%clk 1:24:02]} Na7 {[%clk 1:25:28]} 15. Nc2 {[%clk 1:14:21]} c5
{[%clk 1:25:18]} 16. Ba2 {[%clk 1:05:03]} Nc6 {[%clk 1:20:44]} 17. Ne3
{[%clk 1:03:58]} Ne7 {[%clk 1:19:38]} 18. Ng4 {[%clk 0:56:27]} Ng6
{[%clk 1:17:16]} 19. Be3 {[%clk 0:47:58]} Nxg4 {[%clk 1:15:00]} 20. hxg4
{[%clk 0:48:24]} d5 {[%clk 1:15:21]} 21. Bxd5 {[%clk 0:42:42]} Bxd5
{[%clk 1:15:12]} 22. exd5 {[%clk 0:43:07]} Qxd5 {[%clk 1:15:36]} 23. g5
{[%clk 0:43:07]} h5 {[%clk 1:13:49]} 24. Nd2 {[%clk 0:41:17]} Qxd3
{[%clk 1:07:01]} 25. Qxh5 {[%clk 0:40:59]} Qc2 {[%clk 0:59:04]} 26. Qe2
{[%clk 0:32:56]} Rd8 {[%clk 0:49:20]} 27. g3 {[%clk 0:27:31]} Bc7
{[%clk 0:48:13]} 28. c4 {[%clk 0:21:22]} Ba5 {[%clk 0:36:06]} 29. cxb5
{[%clk 0:13:41]} Qxb2 {[%clk 0:35:49]} 30. Ne4 {[%clk 0:12:13]} Qxe2
{[%clk 0:32:46]} 31. Rxe2 {[%clk 0:12:42]} Rd1+ {[%clk 0:33:07]} 32. Kg2
{[%clk 0:13:01]} Rb1 {[%clk 0:28:29]} 33. Ra2 {[%clk 0:12:47]} Bb6
{[%clk 0:26:14]} 34. Ra8+ {[%clk 0:12:47]} Kh7 {[%clk 0:26:34]} 35. Rb8
{[%clk 0:12:18]} Rxb5 {[%clk 0:26:34]} 36. Nc3 {[%clk 0:11:21]} Rb4
{[%clk 0:26:14]} 37. Nd5 {[%clk 0:11:26]} Ba7 {[%clk 0:26:40]} 38. Rxb4
{[%clk 0:11:39]} cxb4 {[%clk 0:27:06]} 39. Bxa7 {[%clk 0:12:05]} b3
{[%clk 0:27:33]} 40. Nc3 {[%clk 0:12:03]} Nf8 {[%clk 0:27:31]} 41. Be3
{[%clk 0:11:53]} Ne6 {[%clk 0:27:38]} 42. Kf3 {[%clk 0:09:53]} Kg6
{[%clk 0:25:24]} 43. Ke4 {[%clk 0:09:29]} Nxg5+ {[%clk 0:25:46]} 44. Bxg5
{[%clk 0:09:07]} Kxg5 {[%clk 0:26:10]} 45. Kxe5 {[%clk 0:09:31]} b2
{[%clk 0:26:36]} 46. f3 {[%clk 0:08:57]} f5 {[%clk 0:26:46]} 47. Nb1
{[%clk 0:08:28]} g6 {[%clk 0:25:19]} 48. Nc3 {[%clk 0:08:44]} f4 {[%clk 0:24:50]}
49. g4 {[%clk 0:08:04]} Kh4 {[%clk 0:25:11]} 50. Kxf4 {[%clk 0:08:30]} Kh3
{[%clk 0:25:33]} 51. Kg5 {[%clk 0:08:23]} Kg3 {[%clk 0:25:55]} 52. f4
{[%clk 0:07:11]} Kf3 {[%clk 0:26:13]} 53. f5 {[%clk 0:07:07]} gxf5
{[%clk 0:26:39]} 54. gxf5 {[%clk 0:07:30]} Ke3 {[%clk 0:27:08]} 55. Nd1+
{[%clk 0:07:53]} 1-0

[Event "EYCC 2024 - O18"]
[Site "?"]
[Date "2024.08.31"]
[Round "9.2"]
[White "Farokhi, Keyvan"]
[Black "Kusiak, Mateusz"]
[Result "1-0"]
[BlackElo "1887"]
[WhiteElo "2307"]
[LiveChessVersion "1.4.8"]

1. e4 {[%clk 1:30:55]} c5 {[%clk 1:30:46]} 2. Nf3 {[%clk 1:31:19]} Nf6
{[%clk 1:31:01]} 3. Nc3 {[%clk 1:31:16]} d5 {[%clk 1:31:19]} 4. exd5
{[%clk 1:31:40]} Nxd5 {[%clk 1:31:44]} 5. Bb5+ {[%clk 1:32:04]} Bd7
{[%clk 1:32:10]} 6. Ne5 {[%clk 1:32:13]} Nf6 {[%clk 1:27:17]} 7. a4
{[%clk 1:24:23]} e6 {[%clk 1:17:51]} 8. d3 {[%clk 1:20:45]} a6 {[%clk 1:17:33]}
9. Bxd7+ {[%clk 1:18:50]} Nbxd7 {[%clk 1:17:38]} 10. Nxd7 {[%clk 1:14:39]} Qxd7
{[%clk 1:18:01]} 11. a5 {[%clk 1:14:56]} Bd6 {[%clk 1:17:35]} 12. O-O
{[%clk 1:06:23]} O-O {[%clk 1:17:47]} 13. Bd2 {[%clk 0:56:50]} Rad8
{[%clk 1:08:30]} 14. Qf3 {[%clk 0:52:08]} Nd5 {[%clk 0:52:21]} 15. Ne4
{[%clk 0:50:03]} Be5 {[%clk 0:52:33]} 16. c4 {[%clk 0:46:28]} Ne7
{[%clk 0:44:45]} 17. Nxc5 {[%clk 0:45:27]} Qc7 {[%clk 0:45:15]} 18. Be3
{[%clk 0:41:43]} Nc6 {[%clk 0:38:03]} 19. g3 {[%clk 0:37:14]} Nd4
{[%clk 0:34:52]} 20. Bxd4 {[%clk 0:36:29]} Bxd4 {[%clk 0:35:20]} 21. Na4
{[%clk 0:35:50]} Qxa5 {[%clk 0:34:56]} 22. Qxb7 {[%clk 0:34:23]} Rb8
{[%clk 0:35:19]} 23. Qe4 {[%clk 0:32:25]} Rfd8 {[%clk 0:35:16]} 24. Nc3
{[%clk 0:30:24]} Qb6 {[%clk 0:35:31]} 25. Ra2 {[%clk 0:30:30]} Qd6
{[%clk 0:32:18]} 26. Rd1 {[%clk 0:22:27]} Rb3 {[%clk 0:32:06]} 27. Qe1
{[%clk 0:21:24]} Rdb8 {[%clk 0:30:28]} 28. Ne4 {[%clk 0:18:28]} Qb6
{[%clk 0:23:46]} 29. Rd2 {[%clk 0:16:53]} Bxb2 {[%clk 0:20:27]} 30. c5
{[%clk 0:17:03]} Qc6 {[%clk 0:19:57]} 31. d4 {[%clk 0:14:10]} h6 {[%clk 0:20:03]}
32. Qe2 {[%clk 0:13:38]} Ba3 {[%clk 0:16:58]} 33. Rd3 {[%clk 0:13:07]} Rb1+
{[%clk 0:12:30]} 34. Kg2 {[%clk 0:13:24]} Bxc5 {[%clk 0:11:44]} 35. Qf3
{[%clk 0:12:04]} Qd5 {[%clk 0:11:56]} 36. Ra5 {[%clk 0:12:26]} f5
{[%clk 0:12:06]} 37. Nxc5 {[%clk 0:12:38]} Qc4 {[%clk 0:12:07]} 38. Rd1
{[%clk 0:10:12]} g5 {[%clk 0:11:56]} 39. Ra1 {[%clk 0:08:25]} Rxa1
{[%clk 0:11:52]} 40. Rxa1 {[%clk 0:08:53]} Qxd4 {[%clk 0:12:03]} 41. Rc1
{[%clk 0:09:04]} Rc8 {[%clk 0:11:35]} 42. Qb7 {[%clk 0:08:27]} Qd5+
{[%clk 0:11:09]} 43. Qxd5 {[%clk 0:08:55]} exd5 {[%clk 0:11:38]} 44. Kf3
{[%clk 0:09:12]} a5 {[%clk 0:09:28]} 45. Ke3 {[%clk 0:09:21]} a4 {[%clk 0:08:02]}
46. Kd4 {[%clk 0:09:24]} Rb8 {[%clk 0:08:24]} 47. Kxd5 {[%clk 0:05:55]} Rb2
{[%clk 0:08:14]} 48. Nd3 {[%clk 0:06:02]} Rd2 {[%clk 0:07:31]} 49. Kd4
{[%clk 0:06:22]} a3 {[%clk 0:07:56]} 50. Ra1 {[%clk 0:06:42]} a2 {[%clk 0:08:20]}
51. Ke3 {[%clk 0:07:06]} Rc2 {[%clk 0:08:40]} 52. Nc1 {[%clk 0:07:01]} Rc3+
{[%clk 0:08:03]} 53. Kd2 {[%clk 0:07:24]} Rf3 {[%clk 0:08:23]} 54. Nd3
{[%clk 0:07:46]} f4 {[%clk 0:08:41]} 55. Ke2 {[%clk 0:07:38]} g4 {[%clk 0:09:06]}
56. Rxa2 {[%clk 0:07:52]} fxg3 {[%clk 0:09:30]} 57. hxg3 {[%clk 0:08:17]} Rf7
{[%clk 0:09:53]} 58. Ra4 {[%clk 0:08:40]} 1-0

[Event "EYCC 2024 - O18"]
[Site "?"]
[Date "2024.08.31"]
[Round "9.3"]
[White "Pidluznij, Gleb"]
[Black "Seidl, Jan"]
[Result "1/2-1/2"]
[BlackElo "2276"]
[WhiteElo "2414"]
[LiveChessVersion "1.4.8"]

1. e4 c5 {[%clk 1:30:54]} 2. Nf3 {[%clk 1:31:11]} d6 {[%clk 1:31:11]} 3. Bb5+
{[%clk 1:31:32]} Nd7 {[%clk 1:31:35]} 4. d4 {[%clk 1:31:22]} cxd4
{[%clk 1:31:56]} 5. Qxd4 {[%clk 1:31:43]} a6 {[%clk 1:30:53]} 6. Bxd7+
{[%clk 1:31:47]} Bxd7 {[%clk 1:31:17]} 7. c4 {[%clk 1:31:06]} Nf6
{[%clk 1:30:34]} 8. Nc3 {[%clk 1:30:40]} g6 {[%clk 1:21:57]} 9. O-O
{[%clk 1:30:49]} Bg7 {[%clk 1:22:21]} 10. h3 {[%clk 1:30:47]} O-O
{[%clk 1:21:56]} 11. Qd3 {[%clk 1:30:00]} b5 {[%clk 1:07:16]} 12. Be3
{[%clk 1:26:59]} bxc4 {[%clk 1:00:43]} 13. Qxc4 {[%clk 1:27:20]} Qb8
{[%clk 0:55:06]} 14. Qb3 {[%clk 1:03:29]} Rc8 {[%clk 0:39:54]} 15. Rfc1
{[%clk 1:00:53]} Bc6 {[%clk 0:33:14]} 16. Nd2 {[%clk 1:00:25]} Nd7
{[%clk 0:33:10]} 17. Qxb8 {[%clk 0:54:17]} Raxb8 {[%clk 0:33:28]} 18. Rab1
{[%clk 0:47:11]} f5 {[%clk 0:28:36]} 19. exf5 {[%clk 0:39:16]} gxf5
{[%clk 0:29:02]} 20. Nb3 {[%clk 0:38:56]} Kf7 {[%clk 0:28:20]} 21. f3
{[%clk 0:30:20]} Ne5 {[%clk 0:24:05]} 22. Bd4 {[%clk 0:22:28]} Rg8
{[%clk 0:22:51]} 23. Kf1 {[%clk 0:20:34]} Rbc8 {[%clk 0:19:49]} 24. Re1
{[%clk 0:19:44]} Bf6 {[%clk 0:19:20]} 25. Re2 {[%clk 0:18:43]} Rg7
{[%clk 0:18:16]} 26. Rd1 {[%clk 0:16:33]} Rcg8 {[%clk 0:17:43]} 27. Na5
{[%clk 0:13:52]} Ba8 {[%clk 0:16:51]} 28. b3 {[%clk 0:08:16]} Nxf3
{[%clk 0:11:38]} 29. gxf3 {[%clk 0:07:28]} Bxf3 {[%clk 0:11:59]} 30. Bxf6
{[%clk 0:05:30]} Bxe2+ {[%clk 0:12:23]} 31. Nxe2 {[%clk 0:05:52]} Kxf6
{[%clk 0:12:43]} 32. Nc4 {[%clk 0:05:02]} Rg2 {[%clk 0:11:03]} 33. Ne3
{[%clk 0:03:04]} Rh2 {[%clk 0:10:40]} 34. Rd5 {[%clk 0:02:53]} e6
{[%clk 0:09:30]} 35. Rxd6 {[%clk 0:02:56]} Rxh3 {[%clk 0:09:44]} 36. Kf2
{[%clk 0:02:43]} Rh2+ {[%clk 0:08:44]} 37. Kf3 {[%clk 0:03:09]} Rh3+
{[%clk 0:08:50]} 38. Kf2 {[%clk 0:03:28]} Rh2+ {[%clk 0:09:16]} 39. Kf3
{[%clk 0:02:38]} Rh3+ {[%clk 0:07:25]} 40. Kf2 {[%clk 0:03:07]} Rh2+
{[%clk 0:07:47]} 41. Ke1 {[%clk 0:01:00]} f4 {[%clk 0:06:58]} 42. Nf1
{[%clk 0:01:24]} Rh1 {[%clk 0:07:24]} 43. Kf2 {[%clk 0:01:35]} Rc8
{[%clk 0:05:57]} 44. Nd2 {[%clk 0:01:00]} Rc2 {[%clk 0:05:21]} 45. Kf3
{[%clk 0:00:44]} Ke5 {[%clk 0:04:22]} 46. Rd8 {[%clk 0:00:47]} Rxa2
{[%clk 0:03:43]} 47. Nc4+ {[%clk 0:01:16]} Kf6 {[%clk 0:04:04]} 48. Nxf4
{[%clk 0:01:27]} Rf1+ {[%clk 0:04:26]} 49. Ke3 {[%clk 0:01:34]} Re1+
{[%clk 0:04:51]} 50. Kf3 {[%clk 0:01:49]} Rf1+ {[%clk 0:05:18]} 51. Ke3
{[%clk 0:01:23]} Re1+ {[%clk 0:05:43]} 52. Kf3 {[%clk 0:01:35]} Rf1+
{[%clk 0:05:29]} 53. Ke4 {[%clk 0:01:38]} Re1+ {[%clk 0:05:25]} 54. Ne3
{[%clk 0:01:58]} Ra3 {[%clk 0:04:57]} 55. Rf8+ {[%clk 0:02:10]} Ke7
{[%clk 0:05:09]} 56. Rb8 {[%clk 0:02:38]} a5 {[%clk 0:04:33]} 57. Rb7+
{[%clk 0:03:02]} Kf6 {[%clk 0:04:36]} 58. Nh5+ {[%clk 0:02:35]} Kg6
{[%clk 0:03:43]} 59. Nf4+ {[%clk 0:03:04]} Kf6 {[%clk 0:04:03]} 60. Nh5+
{[%clk 0:02:29]} Kg6 {[%clk 0:04:27]} 61. Nf4+ {[%clk 0:02:56]} Kf6
{[%clk 0:04:51]} 62. Kd3 {[%clk 0:00:42]} a4 {[%clk 0:02:45]} 63. Nc2
{[%clk 0:01:06]} Rxb3+ {[%clk 0:02:19]} 64. Rxb3 {[%clk 0:01:34]} axb3
{[%clk 0:02:43]} 65. Nxe1 {[%clk 0:02:00]} Kf5 {[%clk 0:02:46]} 66. Ne2
{[%clk 0:00:55]} e5 {[%clk 0:02:50]} 67. Kc3 {[%clk 0:00:53]} h5 {[%clk 0:02:46]}
68. Nf3 {[%clk 0:00:53]} Kg4 {[%clk 0:01:47]} 69. Nxe5+ {[%clk 0:00:59]} Kf5
{[%clk 0:02:14]} 70. Nf3 {[%clk 0:00:56]} Kg4 {[%clk 0:02:20]} 71. Neg1
{[%clk 0:00:58]} Kg3 {[%clk 0:02:14]} 72. Ng5 {[%clk 0:01:24]} h4
{[%clk 0:02:03]} 73. N1h3 {[%clk 0:01:52]} Kg4 {[%clk 0:02:16]} 74. Kxb3
{[%clk 0:02:19]} Kf5 {[%clk 0:02:39]} 75. Kc4 {[%clk 0:02:44]} Ke5
{[%clk 0:03:02]} 76. Kd3 {[%clk 0:03:11]} Kd5 {[%clk 0:03:25]} 77. Nf3
{[%clk 0:03:31]} Kc5 {[%clk 0:03:48]} 78. Nd2 {[%clk 0:03:50]} Kd5
{[%clk 0:04:13]} 79. Ne4 {[%clk 0:04:10]} Ke5 {[%clk 0:04:34]} 80. Nc3
{[%clk 0:04:29]} Kf5 {[%clk 0:04:42]} 81. Nd5 {[%clk 0:04:14]} Ke5
{[%clk 0:04:58]} 82. Ndf4 {[%clk 0:02:41]} Kf5 {[%clk 0:04:57]} 83. Kd4
{[%clk 0:03:04]} Kg4 {[%clk 0:05:16]} 84. Ke4 {[%clk 0:03:10]} Kg3
{[%clk 0:05:42]} 85. Kf5 {[%clk 0:03:37]} Kf3 {[%clk 0:06:07]} 86. Nd5
{[%clk 0:04:03]} Kg3 {[%clk 0:06:31]} 87. Ndf4 {[%clk 0:01:49]} Kf3
{[%clk 0:06:58]} 88. Nd3 {[%clk 0:02:10]} Kg3 {[%clk 0:07:15]} 89. Ndf2
{[%clk 0:02:27]} Kf3 {[%clk 0:07:43]} 90. Ke5 {[%clk 0:02:49]} Ke3
{[%clk 0:08:07]} 91. Kd5 {[%clk 0:03:15]} Kd2 {[%clk 0:08:18]} 92. Kd4
{[%clk 0:03:34]} Ke2 {[%clk 0:07:07]} 93. Ke4 {[%clk 0:02:52]} Kd2
{[%clk 0:07:32]} 94. Nd3 {[%clk 0:03:12]} Kc3 {[%clk 0:07:53]} 95. Ke3
{[%clk 0:03:16]} Kc4 {[%clk 0:08:14]} 96. Ke4 {[%clk 0:03:01]} Kc3
{[%clk 0:08:38]} 97. Ndf4 {[%clk 0:02:58]} Kc4 {[%clk 0:08:53]} 98. Nd5
{[%clk 0:03:16]} Kc5 {[%clk 0:09:16]} 99. Ne3 {[%clk 0:03:42]} Kd6
{[%clk 0:09:25]} 100. Kd4 {[%clk 0:02:41]} Ke6 {[%clk 0:09:48]} 101. Nc4
{[%clk 0:01:58]} Kf5 {[%clk 0:09:33]} 102. Ke3 {[%clk 0:01:57]} Kg4
{[%clk 0:08:37]} 103. Ke4 {[%clk 0:02:20]} Kxh3 {[%clk 0:07:55]} 104. Kf3
{[%clk 0:02:49]} Kh2 {[%clk 0:08:16]} 105. Kf2 {[%clk 0:03:16]} Kh3
{[%clk 0:08:32]} 106. Ne3 {[%clk 0:03:42]} Kh2 {[%clk 0:08:53]} 107. Ng4+
{[%clk 0:04:10]} Kh3 {[%clk 0:09:12]} 108. Nh6 {[%clk 0:04:29]} Kh2
{[%clk 0:09:25]} 109. Nf5 {[%clk 0:04:45]} Kh3 {[%clk 0:09:32]} 110. Ne3
{[%clk 0:05:08]} Kh2 {[%clk 0:09:59]} 111. Ng2 {[%clk 0:05:33]} Kh3
{[%clk 0:10:17]} 112. Kf3 {[%clk 0:05:05]} Kh2 {[%clk 0:10:41]} 113. Kf2
{[%clk 0:05:33]} Kh3 {[%clk 0:11:06]} 114. Ne3 {[%clk 0:05:41]} Kh2
{[%clk 0:11:30]} 115. Nc4 {[%clk 0:05:31]} Kh3 {[%clk 0:11:43]} 116. Ne5
{[%clk 0:04:41]} Kh2 {[%clk 0:12:08]} 117. Ng4+ {[%clk 0:04:40]} Kh3
{[%clk 0:12:32]} 118. Kf3 1/2-1/2

[Event "EYCC 2024 - O18"]
[Site "?"]
[Date "2024.08.31"]
[Round "9.4"]
[White "Babula, Vlastimil"]
[Black "Bokhnak, Timofey"]
[Result "1/2-1/2"]
[BlackElo "2273"]
[WhiteElo "2326"]
[LiveChessVersion "1.4.8"]

1. d4 {[%clk 1:30:57]} d5 {[%clk 1:30:05]} 2. Nc3 {[%clk 1:31:22]} Nf6
{[%clk 1:30:11]} 3. Bf4 {[%clk 1:31:45]} e6 {[%clk 1:30:34]} 4. e3
{[%clk 1:32:11]} Bb4 {[%clk 1:29:55]} 5. Nge2 {[%clk 1:31:38]} O-O
{[%clk 1:29:11]} 6. a3 {[%clk 1:32:04]} Be7 {[%clk 1:29:00]} 7. Nc1
{[%clk 1:17:15]} c5 {[%clk 1:27:35]} 8. Nd3 {[%clk 1:16:47]} b6 {[%clk 1:20:16]}
9. Ne5 {[%clk 1:14:54]} Bb7 {[%clk 1:18:47]} 10. Qf3 {[%clk 1:09:27]} Nc6
{[%clk 1:18:24]} 11. O-O-O {[%clk 1:09:32]} Rc8 12. h4 {[%clk 1:05:35]} cxd4
{[%clk 1:07:55]} 13. exd4 {[%clk 1:04:43]} Nxe5 {[%clk 1:06:50]} 14. Bxe5
{[%clk 1:01:40]} Ne4 {[%clk 1:06:33]} 15. Nxe4 {[%clk 1:00:31]} dxe4
{[%clk 1:06:56]} 16. Qg3 {[%clk 1:00:44]} Bf6 {[%clk 1:04:39]} 17. Bd6
{[%clk 0:56:22]} Be7 {[%clk 1:03:41]} 18. Be5 {[%clk 0:54:48]} Bf6
{[%clk 1:04:10]} 19. Bd6 {[%clk 0:30:27]} Be7 {[%clk 1:04:29]} 20. Be5
{[%clk 0:28:47]} 1/2-1/2

[Event "EYCC 2024 - O18"]
[Site "?"]
[Date "2024.08.31"]
[Round "9.5"]
[White "Serrano Almendros, Angel"]
[Black "Kocsmar, Akos"]
[Result "1/2-1/2"]
[BlackElo "2187"]
[WhiteElo "2310"]
[LiveChessVersion "1.4.8"]

1. e4 {[%clk 1:30:56]} c5 {[%clk 1:30:57]} 2. Nf3 {[%clk 1:30:55]} d6
{[%clk 1:31:22]} 3. d4 {[%clk 1:31:04]} cxd4 {[%clk 1:31:43]} 4. Nxd4
{[%clk 1:31:28]} Nf6 {[%clk 1:32:09]} 5. Nc3 {[%clk 1:31:52]} Nc6
{[%clk 1:32:35]} 6. Bg5 {[%clk 1:31:39]} e6 {[%clk 1:32:16]} 7. Qd3
{[%clk 1:30:29]} Bd7 {[%clk 1:32:38]} 8. Ndb5 {[%clk 1:29:33]} Nb4
{[%clk 1:33:00]} 9. Qd1 {[%clk 1:28:55]} Qb8 {[%clk 1:33:07]} 10. Bf4
{[%clk 1:25:19]} e5 {[%clk 1:31:34]} 11. Bg5 {[%clk 1:25:47]} a6 {[%clk 1:29:03]}
12. Na3 {[%clk 1:26:07]} b5 {[%clk 1:27:47]} 13. Bxf6 {[%clk 1:13:27]} gxf6
{[%clk 1:27:52]} 14. g3 {[%clk 1:13:41]} f5 {[%clk 1:10:42]} 15. Bg2
{[%clk 1:04:42]} fxe4 {[%clk 0:56:47]} 16. Nxe4 {[%clk 1:02:05]} Be7
{[%clk 0:55:38]} 17. c3 {[%clk 0:45:40]} Nc6 {[%clk 0:55:43]} 18. h4
{[%clk 0:45:22]} h6 {[%clk 0:34:51]} 19. g4 {[%clk 0:37:22]} Qc7 {[%clk 0:31:31]}
20. Nc2 {[%clk 0:37:26]} d5 {[%clk 0:27:38]} 21. Qxd5 {[%clk 0:36:39]} O-O-O
{[%clk 0:28:01]} 22. Nc5 {[%clk 0:33:46]} Be8 {[%clk 0:24:57]} 23. Nxa6
{[%clk 0:33:02]} Qb6 {[%clk 0:25:22]} 24. Qb3 {[%clk 0:32:38]} Na5
{[%clk 0:25:08]} 25. Nab4 {[%clk 0:32:42]} Nxb3 {[%clk 0:25:03]} 26. axb3
{[%clk 0:33:11]} Bc5 {[%clk 0:17:09]} 27. Ra6 {[%clk 0:32:47]} Qc7
{[%clk 0:12:59]} 28. Ke2 {[%clk 0:32:57]} Qd7 {[%clk 0:09:40]} 29. Ra8+
{[%clk 0:25:39]} Kc7 {[%clk 0:10:04]} 30. Nd5+ {[%clk 0:26:07]} Qxd5
{[%clk 0:10:14]} 31. Bxd5 {[%clk 0:26:32]} Rxd5 {[%clk 0:10:41]} 32. Rha1
{[%clk 0:25:48]} Rd8 {[%clk 0:09:16]} 33. Rxd8 {[%clk 0:25:32]} Kxd8
{[%clk 0:09:46]} 34. Ra8+ {[%clk 0:25:41]} Kc7 {[%clk 0:09:23]} 35. Ne3
{[%clk 0:25:41]} Kb7 {[%clk 0:09:19]} 36. Rd8 {[%clk 0:25:55]} Kc7
{[%clk 0:09:21]} 37. Rd5 {[%clk 0:21:07]} Bxe3 {[%clk 0:09:26]} 38. Kxe3
{[%clk 0:21:36]} f6 {[%clk 0:09:45]} 39. Rc5+ {[%clk 0:19:51]} Bc6
{[%clk 0:09:46]} 40. b4 {[%clk 0:20:10]} Kd6 {[%clk 0:09:36]} 41. b3
{[%clk 0:19:20]} Ra8 {[%clk 0:08:30]} 42. f4 {[%clk 0:18:29]} Ra3
{[%clk 0:03:47]} 43. g5 {[%clk 0:18:34]} hxg5 {[%clk 0:04:04]} 44. hxg5
{[%clk 0:18:41]} exf4+ {[%clk 0:04:21]} 45. Kxf4 {[%clk 0:19:07]} fxg5+
{[%clk 0:04:48]} 46. Kxg5 {[%clk 0:19:23]} Rxb3 {[%clk 0:05:16]} 47. Kf4
{[%clk 0:19:38]} Rb1 {[%clk 0:05:31]} 48. Ke3 {[%clk 0:19:58]} Re1+
{[%clk 0:05:25]} 49. Kd3 {[%clk 0:19:12]} Rd1+ {[%clk 0:05:47]} 50. Kc2
{[%clk 0:17:47]} Rd5 {[%clk 0:05:58]} 51. c4 {[%clk 0:17:18]} bxc4
{[%clk 0:06:15]} 52. Rxc4 {[%clk 0:17:29]} Rb5 {[%clk 0:05:53]} 53. Kc3
{[%clk 0:17:44]} Rh5 {[%clk 0:06:02]} 54. Rc5 {[%clk 0:17:36]} Rxc5+
{[%clk 0:05:32]} 55. bxc5+ {[%clk 0:18:01]} Kxc5 {[%clk 0:06:00]} 1/2-1/2

[Event "EYCC 2024 - O18"]
[Site "?"]
[Date "2024.08.31"]
[Round "9.6"]
[White "Kreken, Eivind Grunt"]
[Black "Bakija, Alan"]
[Result "1/2-1/2"]
[BlackElo "2171"]
[WhiteElo "2294"]
[LiveChessVersion "1.4.8"]

1. d4 {[%clk 1:30:57]} d6 {[%clk 1:30:56]} 2. e4 {[%clk 1:31:13]} Nf6
{[%clk 1:31:23]} 3. Nc3 {[%clk 1:31:28]} e5 {[%clk 1:31:49]} 4. Nf3
{[%clk 1:31:42]} Nbd7 {[%clk 1:32:12]} 5. g4 {[%clk 1:31:42]} h6 {[%clk 1:32:36]}
6. h3 {[%clk 1:31:15]} c6 {[%clk 1:32:22]} 7. a4 {[%clk 1:25:27]} Be7
{[%clk 1:32:44]} 8. Be3 {[%clk 1:25:37]} Qa5 {[%clk 1:27:39]} 9. Qd2
{[%clk 1:25:04]} a6 {[%clk 1:25:32]} 10. Bd3 {[%clk 1:19:10]} Rb8
{[%clk 1:07:22]} 11. O-O {[%clk 1:11:10]} Qc7 {[%clk 1:07:06]} 12. a5
{[%clk 1:07:42]} h5 {[%clk 1:04:50]} 13. g5 {[%clk 1:05:30]} Nh7 {[%clk 1:05:16]}
14. Rfd1 {[%clk 0:56:04]} Nhf8 {[%clk 0:59:37]} 15. Bf1 {[%clk 0:51:59]} Ng6
{[%clk 0:54:58]} 16. Ra4 {[%clk 0:48:49]} O-O {[%clk 0:52:02]} 17. d5
{[%clk 0:46:04]} c5 {[%clk 0:50:10]} 18. b3 {[%clk 0:44:27]} b5 {[%clk 0:44:38]}
19. Raa1 {[%clk 0:41:33]} 1/2-1/2

[Event "EYCC 2024 - O18"]
[Site "?"]
[Date "2024.08.31"]
[Round "9.7"]
[White "Ristic, Luka"]
[Black "Eilenberg, Jonas"]
[Result "1/2-1/2"]
[BlackElo "2285"]
[WhiteElo "2274"]
[LiveChessVersion "1.4.8"]

1. c4 c6 2. Nf3 d5 3. g3 dxc4 4. Bg2 Bf5 5. O-O e6 6. Nc3 Nf6 7. b3 cxb3 8. Qxb3
Qb6 9. Qa4 Nbd7 10. Nh4 Bd6 11. Nxf5 exf5 12. Rb1 Qc7 13. Qc2 f4 14. Ne4 Nxe4 15.
Qxe4+ Kf8 16. d4 Re8 17. Qf3 g5 18. e4 f6 19. h4 h6 20. Bh3 Re7 21. Bf5 Rg8 22.
Qh5 gxh4 23. g4 Rgg7 24. Rb3 c5 25. Qxh6 cxd4 26. Qxh4 Kg8 27. Rh3 d3 28. Qh8+
Kf7 29. Qh5+ 1/2-1/2

[Event "EYCC 2024 - O18"]
[Site "?"]
[Date "2024.08.31"]
[Round "9.8"]
[White "Paseka, Matyas"]
[Black "Rudzkis, Vilius"]
[Result "1-0"]
[BlackElo "1993"]
[WhiteElo "2281"]
[LiveChessVersion "1.4.8"]

1. e4 {[%clk 1:30:57]} c5 {[%clk 1:30:36]} 2. Nf3 {[%clk 1:31:20]} Nc6
{[%clk 1:30:35]} 3. d4 {[%clk 1:31:43]} cxd4 {[%clk 1:30:41]} 4. Nxd4
{[%clk 1:32:04]} Nf6 {[%clk 1:30:45]} 5. Nc3 {[%clk 1:32:28]} e5 {[%clk 1:30:40]}
6. Ndb5 {[%clk 1:32:44]} d6 {[%clk 1:30:38]} 7. Bg5 {[%clk 1:33:03]} a6
{[%clk 1:30:54]} 8. Na3 {[%clk 1:33:27]} b5 {[%clk 1:30:45]} 9. Nd5
{[%clk 1:33:50]} Be7 {[%clk 1:31:04]} 10. Bxf6 {[%clk 1:34:15]} Bxf6
{[%clk 1:31:28]} 11. c3 {[%clk 1:34:39]} Ne7 {[%clk 1:31:41]} 12. Nxf6+
{[%clk 1:34:57]} gxf6 {[%clk 1:32:03]} 13. Nc2 {[%clk 1:35:23]} Bb7
{[%clk 1:32:24]} 14. Bd3 {[%clk 1:35:47]} d5 {[%clk 1:32:48]} 15. Qe2
{[%clk 1:36:12]} f5 {[%clk 1:33:14]} 16. exf5 {[%clk 1:36:35]} e4
{[%clk 1:33:40]} 17. f6 {[%clk 1:37:01]} Nf5 {[%clk 1:34:04]} 18. f3
{[%clk 1:37:19]} Qxf6 {[%clk 1:34:26]} 19. O-O {[%clk 1:37:43]} Qb6+
{[%clk 1:34:46]} 20. Rf2 {[%clk 1:38:07]} Nd6 {[%clk 1:35:08]} 21. Nd4
{[%clk 1:38:30]} O-O-O {[%clk 1:35:22]} 22. Bc2 {[%clk 1:38:55]} Kb8
{[%clk 1:35:44]} 23. Rb1 {[%clk 1:38:16]} h5 {[%clk 1:32:45]} 24. Qe3
{[%clk 1:33:55]} h4 {[%clk 1:27:51]} 25. h3 {[%clk 1:30:20]} Ka8 {[%clk 1:23:12]}
26. Bb3 {[%clk 1:26:20]} Nc4 {[%clk 1:11:45]} 27. Qf4 {[%clk 1:23:45]} b4
{[%clk 1:01:19]} 28. fxe4 {[%clk 1:18:52]} Nxb2 {[%clk 1:00:48]} 29. Bxd5
{[%clk 0:57:45]} bxc3 {[%clk 0:46:11]} 30. Qe3 {[%clk 0:48:05]} Bxd5
{[%clk 0:35:11]} 31. exd5 {[%clk 0:48:24]} Rxd5 {[%clk 0:33:21]} 32. Qxc3
{[%clk 0:48:46]} Rxd4 {[%clk 0:32:02]} 33. Qf3+ {[%clk 0:47:47]} Qb7
{[%clk 0:31:17]} 34. Qxb7+ {[%clk 0:45:12]} Kxb7 {[%clk 0:31:41]} 35. Rbxb2+
{[%clk 0:45:15]} Kc6 {[%clk 0:28:53]} 36. Rf6+ {[%clk 0:43:35]} Kd5
{[%clk 0:26:10]} 37. Rxa6 {[%clk 0:42:07]} Rc8 {[%clk 0:17:24]} 38. Rf6
{[%clk 0:38:10]} Rc1+ {[%clk 0:17:41]} 39. Rf1 {[%clk 0:38:06]} Rxf1+
{[%clk 0:16:33]} 40. Kxf1 {[%clk 0:38:31]} Ke4 {[%clk 0:14:14]} 41. Re2+
{[%clk 0:19:35]} Kf4 {[%clk 0:06:44]} 42. Rf2+ {[%clk 0:19:41]} Kg3
{[%clk 0:07:10]} 43. Kg1 {[%clk 0:20:01]} Rd1+ {[%clk 0:04:02]} 44. Rf1
{[%clk 0:20:27]} Rd3 {[%clk 0:03:56]} 45. a4 {[%clk 0:20:51]} f5 {[%clk 0:04:10]}
46. a5 {[%clk 0:21:03]} f4 {[%clk 0:04:32]} 47. a6 {[%clk 0:21:25]} f3
{[%clk 0:04:32]} 48. Rxf3+ {[%clk 0:21:50]} 1-0